Responses for Show #1011 - Monday, January 16, 1989

Peggi Malys game 4.

Contestants

[<< previous game]

Arlene Adams, a student from Seattle, Washington

Martha Davey, a teacher originally from Manhattan, New York

Peggi Malys, a medical student from Orlando, Florida (whose 3-day cash winnings total $27,999)

[next game >>]

Jeopardy! Round responses

U.S. CITIES
GOLDEN OLDIES
THE PLANETS
CANDY
MOVIE TRIVIA
BY THE NUMBERS
    $100 20
Dallas

Peggi
    $100 14
Hit the road

Peggi
    $100 10
counterclockwise

Peggi
    $100 4
Hershey

Martha
    $100 2
Manhattan

Martha
    $100 1
2x4

Arlene
    $200 23
Mobile

Arlene
    $200 16
Gladys Knight & the Pips

Arlene
    $200 25
earth

Arlene
    $200 8
Whitman's Sampler

Peggi
    $200 11
(Martha: Who is North?)
(Arlene: Who is Mad Max?)

RoboCop

MarthaArlene
Triple Stumper
    $200 3
7th heaven

Arlene
    $300 24
(Alex: We've got a minute to go.)

Carson City

Martha
    $300 17
"Sherry"

Triple Stumper
    $300 26
Pluto

Martha
    $300 9
Switzerland

Martha
    $500 13
(Alex: The [*] in the film Psycho and if you heard that you wouldn't be very happy, would you?)
[The music was not played again going into the break.]

Bates Motel

Arlene
    $300 5
3

Martha
    $400 28
(Martha: What's Seattle?)

Tacoma

Martha
Triple Stumper
    $400 18
"Moon River" & "Moody River"

Arlene
    $400 27
Venus

Arlene
    $400 12
Almond Roca

Arlene
    $400 21
Nanook of the North

Peggi
    $400 6
million

Martha
    $500 29
(Martha: What is St. Louis?)
...
[The end-of-round signal sounds.]

St. Joseph

PeggiMartha
    $500 19
(Arlene: What is "Asbury Park"?)

(1 of) "Palisades Park", "Way Down Yonder in New Orleans", & "Tallahassee Lassie"

Arlene
Triple Stumper
    $500 15
Chunky

Arlene
    $500 22
Cyd Charisse

Peggi
    $500 7
3

Peggi

Scores at the first commercial break (after clue 13):

Peggi Martha Arlene
$800 $1,000 $1,000

Scores at the end of the Jeopardy! Round:

Peggi Martha Arlene
$2,400 $700 $2,400

Double Jeopardy! Round responses

ALPHABETICALLY FIRST
NOVEL CHARACTERS
CALIFORNIANS
MILITARY HISTORY
THE WHITE HOUSE
4-LETTER WORDS
    $200 11
anger

Arlene
    $200 1
Robinson Crusoe

Martha
    $200 12
Nixon

Arlene
    $200 18
Greeks

Martha
    $200 13
1600 Pennsylvania Ave.

Martha
    $200 4
task

Peggi
    $400 14
Alpha-Bits

Arlene
    $400 2
Karamazov

Martha
    $400 15
Junipero Serra

Arlene
    $400 23
[Alex gave the correct response saying it like "Pompeii" and later gave the correct pronunciation.]

Pompey

Triple Stumper
    $400 16
Jacqueline Kennedy

Peggi
    $400 6
Lent

Peggi
    $600 17
(Arlene: Who is Teddy Kennedy, [*]?)

Edward Kennedy

Arlene
    $600 3
Captain Ahab

Arlene
    $600 21
Joe DiMaggio

Arlene
    $1,000 28
(Martha: What is the...Civil War?)

[The end-of-round signal sounds.]

7 Years War (French & Indian War)

Martha
    $600 24
Margaret Truman

Martha
    $600 8
(Alex: [*], [*], [*].)
[Peggi almost let a smile slip.]

Judy

Peggi
    $800 19
Atlantic Ave.

Martha
    $800 5
To Kill a Mockingbird

Arlene
    $800 22
(Peggi: Who are the [*]s?)

(Will & Ariel) Durant

Peggi
    $800 25
(Arlene: What is the Rose Room & the Green Room?)
[Peggi rang in barely just ahead of the time's up signal.]
...
(Alex: Minute to go.)

(2 of) Red Room & Blue Room (or Green Room)

PeggiArlene
    $800 9
sass

Martha
    $1,000 20
(Martha: Uh, what is Azerbaijan?)

Armenia

Martha
    $1000 7
(Arlene: What are Pickwick Papers?)

Great Expectations

MarthaArlene
    $1000 26
David Hockney

Triple Stumper
    $1000 27
Oval Office

Martha
    $1000 10
jade

Triple Stumper

Scores at the end of the Double Jeopardy! Round:

Peggi Martha Arlene
$5,600 $3,900 $4,400

[wagering suggestions for these scores]

Final Jeopardy! Round responses

POETRY
MarthaWhat is Xanadu?
$3,500
ArleneWhat is Xanadu?
$4,399
PeggiWhat is Xanadu?
$3,201
Xanadu

Final scores:

Peggi Martha Arlene
$8,801 $7,400 $8,799
4-day champion: $36,800 3rd place: Colortyme remote table model TV 2nd place: trip on Delta to Puerta Vallarta, Mexico & stay at Villa Del Mar Resort

Game dynamics:

Coryat scores:

Peggi Martha Arlene
$5,600 $5,900 $4,200
14 R,
0 W
16 R,
5 W
(including 2 DDs)
18 R
(including 1 DD),
4 W

Combined Coryat: $15,700

[game clues] [game scores] [suggest correction]

Game tape date: 1988-10-11
The J! Archive is created by fans, for fans. Scraping, republication, monetization, and malicious use prohibited; this site may use cookies and collect identifying information. See terms. The Jeopardy! game show and all elements thereof, including but not limited to copyright and trademark thereto, are the property of Jeopardy Productions, Inc. and are protected under law. This website is not affiliated with, sponsored by, or operated by Jeopardy Productions, Inc. Join the discussion at JBoard.tv.